Olympique de Marseille - Meilleurs buteurs par saisons - Statistiques

Statistiques générales
  • Ce quiz a été pris 327 fois
  • Le résultat moyen est 13 sur 25
Statistiques - réponses
Saison Buts Réponse % Correct
2023/24 30 Pierre-Emerick Aubameyang
93%
2017/18 26 Florian Thauvin
81%
2022/23 18 Alexis Sánchez
80%
2014/15 23 André-Pierre Gignac
75%
2019/20 12 Dimitri Payet
75%
2018/19 18 Florian Thauvin
74%
2013/14 22 André-Pierre Gignac
72%
2012/13 18 André-Pierre Gignac
69%
2009/10 22 Mamadou Niang
69%
2003/04 32 Didier Drogba
67%
2008/09 20 Mamadou Niang
62%
2021/22 20 Arkadiusz Milik
59%
2016/17 21 Bafétimbi Gomis
59%
2007/08 23 Mamadou Niang
59%
2006/07 18 Mamadou Niang
53%
2005/06 17 Mamadou Niang
52%
2015/16 23 Michy Batshuayi
51%
2020/21 10 Arkadiusz Milik
49%
2011/12 22 Loïc Rémy
37%
2010/11 17 Loïc Rémy
34%
2002/03 11 Ibrahima Bakayoko
11%
1999/00 11 Ibrahima Bakayoko
10%
2001/02 8 Ibrahima Bakayoko
10%
2004/05 10 Peguy Luyindula
10%
2000/01 9 Djamel Belmadi
4%
Aucun quiz correspondant
Distribution des résultats
% des personnes avec chaque résultat
Percentile par nombre de réponses
Votre historique - résultats
Vous n’avez pas pris ce quiz